000 01137cam a2200301 i 4500
001 49145
003 Mx-PuUPA
005 20220812145327.0
008 140415s2003 cau gr 001 0 eng d
020 _a0761924426
_qrústica
040 _aMX-PuUPA
_bspa
_erda
_cMx-PuUPA
_dMx-PuUPA
041 0 _aeng
100 1 _aCreswell, John W.,
_d1945-
_eautor
_96493
245 1 0 _aResearch design :
_bqualitative, quantitative, and mixed methods approaches /
_cJohn W. Creswell
250 _aSecond edition
264 1 _aThousand Oaks, California :
_bSage Publications,
_c©2003
300 _axxvi, 246 páginas ;
_c24 cm
336 _atexto
_2rdacontent
_btxt
337 _asin medio
_2rdamedia
_bn
338 _avolumen
_2rdacarrier
_bnc
650 7 _aInvestigación social empírica
_xMétodo cualitativo
_2armarc
650 7 _aInvestigación social empírica
_xMétodo cuantitativo
_2armarc
650 7 _aCiencias sociales
_xMétodo de investigación
_2armarc
942 _2ddc
_cLI
_h300.72
_iC912
999 _c49145
_d49145